Statistics for NBA Players By Letter - N

Click here to take the quiz!

General Stats

  • This quiz has been taken 32 times
  • The average score is 9 of 14

Answer Stats

First Name Surname Team % Correct
JoakimNoahNew York Knicks
97%
NerlensNoelPhiladelphia 76ers
93%
DirkNowitzkiDallas Mavericks
93%
LarryNance Jr.Los Angeles Lakers
90%
JameerNelsonDenver Nuggets
90%
-NeneHouston Rockets
87%
ShabazzNapierPortland Trail Blazers
73%
JusufNurkicDenver Nuggets
67%
RaulNetoUtah Jazz
50%
SteveNovakMilwaukee Bucks
47%
GeorgesNiangIndiana Pacers
33%
LucasNogueiraToronto Raptors
30%
AndrewNicholsonWashington Wizards
27%
MauriceNdourNew York Knicks
13%

Score Distribution

Percentile by Number Answered

Percent of People with Each Score

Your Score History

You have not taken this quiz